000
00338 a2200157 4500
001
15945
020
_a
9788534236126
040
_c
Anchieta - Bela Vista
100
_a
Belém, Valéria
240
1
0
_a
Bom dia, Maria!
_l
por
245
1
0
_a
Bom dia, Maria!
300
_a
24
362
0
_a
2013
650
4
_a
Literatura infantil
942
_c
BK
999
_c
15945
_d
15945